| 000 | 00386nam a2200145 a 4500 | ||
|---|---|---|---|
| 001 | 5818 | ||
| 003 | CDMR | ||
| 005 | 20130116135314.0 | ||
| 008 | 130130s ||||||||||||||||||||||||||||d | ||
| 040 |
_aCDMR _bcat _cCDMR |
||
| 245 | 3 | _aLa presse française et sa vision des problèmes d'importance internationale | |
| 260 | _bUnesco | ||
| 490 | 0 |
_aNew Communication Order _v7 _92738 |
|
| 942 | _cMON | ||
| 999 |
_c5818 _d5818 |
||